<?xml version="1.0" encoding="UTF-8"?>
<record
    xmlns:xsi="http://www.w3.org/2001/XMLSchema-instance"
    xsi:schemaLocation="http://www.loc.gov/MARC21/slim http://www.loc.gov/standards/marcxml/schema/MARC21slim.xsd"
    xmlns="http://www.loc.gov/MARC21/slim">

  <leader>01798nam a2200265 i 4500</leader>
  <controlfield tag="001">BRCA_9371</controlfield>
  <controlfield tag="003">BRCA</controlfield>
  <controlfield tag="005">20240122174404.0</controlfield>
  <controlfield tag="006">a|||||r|||| 001 | </controlfield>
  <controlfield tag="007">ta</controlfield>
  <controlfield tag="008">240122b        |||||||| |||| 00| 0 eng d</controlfield>
  <datafield tag="020" ind1=" " ind2=" ">
    <subfield code="a">978-607-8172-41-2</subfield>
  </datafield>
  <datafield tag="040" ind1=" " ind2=" ">
    <subfield code="a">Biblioteca Franz Mayer </subfield>
    <subfield code="b">spa</subfield>
    <subfield code="c">Biblioteca Rogerio Casas Alatristes</subfield>
    <subfield code="d">Biblioteca Rogerio Casas Alatristes</subfield>
  </datafield>
  <datafield tag="050" ind1=" " ind2=" ">
    <subfield code="a">F1201</subfield>
    <subfield code="b">.C352 2017</subfield>
  </datafield>
  <datafield tag="082" ind1=" " ind2=" ">
    <subfield code="2">0</subfield>
  </datafield>
  <datafield tag="100" ind1=" " ind2=" ">
    <subfield code="a">Castillo, Gilda</subfield>
    <subfield code="e">Coordinaci&#xF3;n editorial y cuidado de la edici&#xF3;n</subfield>
    <subfield code="9">30012</subfield>
  </datafield>
  <datafield tag="245" ind1=" " ind2=" ">
    <subfield code="a">El Nopal: emblema nacional </subfield>
    <subfield code="c">Gilda Castillo, Coordinaci&#xF3;n editorial y cuidado de la edici&#xF3;n; Agust&#xED;n Estrada y Araceli Lim&#xF3;n, Dise&#xF1;o, fotograf&#xED;a y edici&#xF3;n </subfield>
  </datafield>
  <datafield tag="250" ind1=" " ind2=" ">
    <subfield code="a">Primera edici&#xF3;n</subfield>
  </datafield>
  <datafield tag="260" ind1=" " ind2=" ">
    <subfield code="a">M&#xE9;xico</subfield>
    <subfield code="b">Fundaci&#xF3;n Herdez </subfield>
    <subfield code="c">2017</subfield>
  </datafield>
  <datafield tag="300" ind1=" " ind2=" ">
    <subfield code="a">122 p&#xE1;ginas</subfield>
    <subfield code="b">Fotograf&#xED;as y tablas </subfield>
    <subfield code="c">18 x 18 cm</subfield>
  </datafield>
  <datafield tag="500" ind1=" " ind2=" ">
    <subfield code="a">Fotograf&#xED;a de una pintura de la Colecci&#xF3;n Franz Mayer: p&#xE1;gina 29</subfield>
  </datafield>
  <datafield tag="501" ind1=" " ind2=" ">
    <subfield code="a">Ubicaci&#xF3;n: L59-N5</subfield>
  </datafield>
  <datafield tag="520" ind1=" " ind2=" ">
    <subfield code="a">En buena parte del territorio de M&#xE9;xico las plantas de nopal son un elemento importante del paisaje. Su imagen guarda para nosotros significados diversos y uno de los m&#xE1;s relevantes es sin duda su presencia en el escudo nacional. Este s&#xED;mbolo nos habla del mito fundacional de la naci&#xF3;n mexicana. Tambi&#xE9;n descubrimos las profundas ra&#xED;ces simb&#xF3;licas que tiene el nopal para nuestra cultura desde tiempos prehisp&#xE1;nicos, a partir de las numerosas representaciones del mismo en c&#xF3;dices, por ejemplo. Nos enteramos que a largo de la historia el emblema nacional ha pasado por diversos estadios antes de llegar a ser tal como lo conocemos hoy. Pero de algo podemos estar seguros y es que el nopal y sus frutos, las tunas, han estado siempre presentes en nuestra alimentaci&#xF3;n.</subfield>
  </datafield>
  <datafield tag="942" ind1=" " ind2=" ">
    <subfield code="2">lcc</subfield>
    <subfield code="c">B</subfield>
    <subfield code="e">Primera edicion</subfield>
  </datafield>
  <datafield tag="999" ind1=" " ind2=" ">
    <subfield code="c">11083</subfield>
    <subfield code="d">11083</subfield>
  </datafield>
  <datafield tag="952" ind1=" " ind2=" ">
    <subfield code="0">0</subfield>
    <subfield code="1">0</subfield>
    <subfield code="2">lcc</subfield>
    <subfield code="4">0</subfield>
    <subfield code="7">0</subfield>
    <subfield code="a">BRCA</subfield>
    <subfield code="b">BRCA</subfield>
    <subfield code="d">2024-01-22</subfield>
    <subfield code="e">Donaci&#xF3;n</subfield>
    <subfield code="l">0</subfield>
    <subfield code="o">F1201. C352 2017</subfield>
    <subfield code="p">CONT10241</subfield>
    <subfield code="r">2024-01-22 17:18:37</subfield>
    <subfield code="w">2024-01-22</subfield>
    <subfield code="y">B</subfield>
  </datafield>
</record>
